000 00448nam a22001577a 4500
005 20251108165535.0
008 250721s9999 xx 000 0 ara d
082 1 4 _aم/211.1/مصح
245 1 0 _aمصحف جوامع شريف /
264 1 _aالقاهره :
_bمكتبة الجمهورية المصرية،
_c[19-].
300 _a525ص
650 1 7 _aالقرآن الكريم
650 1 7 _aالمصاحف
942 _2ddc
_cREF
999 _c30314
_d30314